[Event "Kiev-ch"]
[Site "Kiev"]
[Date "2008.01.21"]
[Round "3"]
[White "Chichkin, Vasily"]
[Black "Karnaukh, Anatolij"]
[Result "1/2-1/2"]
[WhiteElo "2286"]
[BlackElo "2246"]
[PlyCount "49"]
[EventDate "2008.01.19"]
[EventType "swiss"]
[EventRounds "11"]
[EventCountry "UKR"]
[SourceTitle "CBM 122 Extra"]
[Source "ChessBase"]
[SourceDate "2008.03.04"]
[SourceVersion "1"]
[SourceVersionDate "2008.03.04"]
[SourceQuality "1"]

1. f4 d5 2. Nf3 Nf6 3. e3 g6 4. b4 Bg7 5. Bb2 0-0 6. Be2 a5 7. b5 c5 8. bxc6 bxc6 9. c4 Nbd7 10. Na3 Rb8 11. Rb1 Ne4 12. Bxg7 Rxb1 13. Qxb1 Kxg7 14. 0-0 Ndf6 15. Qb2 Bg4 16. Rb1 Kg8 17. Bf1 Bxf3 18. gxf3 Nd6 19. c5 Nf5 20. Nc2 Nd7 21. d4 e5 22. dxe5 Nxc5 23. Qc3 Ne6 24. Qxc6 d4 25. Rd1 1/2-1/2

[Event "Kiev-ch"]
[Site "Kiev"]
[Date "2005.01.29"]
[Round "10"]
[White "Borsuk, Konstantin"]
[Black "Chichkin, Vasily"]
[Result "1/2-1/2"]
[WhiteElo "2152"]
[BlackElo "2311"]
[PlyCount "86"]
[EventDate "2005.01.15"]
[EventType "swiss"]
[EventRounds "11"]
[EventCountry "UKR"]
[SourceTitle "CBM 104 Extra"]
[Source "ChessBase"]
[SourceDate "2005.03.01"]
[SourceVersion "1"]
[SourceVersionDate "2005.03.01"]
[SourceQuality "1"]

1. c4 f5 2. Nc3 Nf6 3. g3 d6 4. Bg2 Nc6 5. d3 g6 6. e3 Bg7 7. Nge2 0-0 8. 0-0 e5 9. Rb1 Be6 10. b4 d5 11. b5 Ne7 12. d4 exd4 13. Nxd4 Bf7 14. Ba3 Re8 15. c5 Ne4 16. Bb4 a5 17. bxa6 bxa6 18. Nce2 Qd7 19. Qc2 Nc6 20. Nxc6 Qxc6 21. Nd4 Bxd4 22. exd4 f4 23. f3 Ng5 24. gxf4 Ne6 25. Qd2 Ng7 26. Ba5 Be6 27. Rbe1 Rf8 28. Re5 Rf6 29. Qf2 Rxf4 30. Bd2 Rf5 31. Rxf5 Bxf5 32. Bf4 Ne6 33. Be5 Rb8 34. Qh4 Rf8 35. f4 Qd7 36. Qg3 Rb8 37. Qh4 Rf8 38. Qh6 Be4 39. Bh3 Bf5 40. Bg2 Be4 41. Bh3 Bf5 42. Bg2 Be4 43. Bh3 Bf5 1/2-1/2

[Event "Kiev-ch"]
[Site "Kiev"]
[Date "2005.01.28"]
[Round "9"]
[White "Golichenko, Ilja"]
[Black "Chichkin, Vasily"]
[Result "1-0"]
[WhiteElo "2240"]
[BlackElo "2311"]
[PlyCount "69"]
[EventDate "2005.01.15"]
[EventType "swiss"]
[EventRounds "11"]
[EventCountry "UKR"]
[SourceTitle "CBM 104 Extra"]
[Source "ChessBase"]
[SourceDate "2005.03.01"]
[SourceVersion "1"]
[SourceVersionDate "2005.03.01"]
[SourceQuality "1"]

1. d4 d5 2. c4 Nc6 3. cxd5 Qxd5 4. e3 e5 5. Nc3 Bb4 6. Bd2 Bxc3 7. bxc3 Qd6 8. Bd3 Nge7 9. Ne2 0-0 10. 0-0 b6 11. f4 Bb7 12. Qc2 exd4 13. Bxh7+ Kh8 14. Bd3 dxe3 15. Rf3 Rfe8 16. Bxe3 Rad8 17. Rd1 Nf5 18. Bf2 Nb4 19. Rh3+ Kg8 20. cxb4 Qd5 21. Rf3 Qd6 22. Ng3 Bxf3 23. gxf3 g6 24. Ne4 Qe6 25. Qc3 Kf8 26. Ng5 Qd6 27. Nh7+ Ke7 28. Re1+ Kd7 29. Nf6+ Kc8 30. Nxe8 Qxf4 31. Bxf5+ gxf5 32. Qxc7+ Qxc7 33. Nxc7 Rg8+ 34. Kf1 Kxc7 35. Re7+ 1-0

[Event "Kiev-ch"]
[Site "Kiev"]
[Date "2005.01.26"]
[Round "8"]
[White "Chichkin, Vasily"]
[Black "Matorin, Evgeny"]
[Result "1/2-1/2"]
[WhiteElo "2311"]
[BlackElo "2287"]
[PlyCount "119"]
[EventDate "2005.01.15"]
[EventType "swiss"]
[EventRounds "11"]
[EventCountry "UKR"]
[SourceTitle "CBM 104 Extra"]
[Source "ChessBase"]
[SourceDate "2005.03.01"]
[SourceVersion "1"]
[SourceVersionDate "2005.03.01"]
[SourceQuality "1"]

1. f4 d5 2. Nf3 g6 3. d3 Nf6 4. c3 c5 5. Qa4+ Qd7 6. Qc2 Nc6 7. e4 dxe4 8. dxe4 e5 9. Bb5 exf4 10. Bxf4 Qg4 11. Be5 Bg7 12. Nbd2 0-0 13. h3 Qe6 14. Bh2 a6 15. Bc4 Qd6 16. 0-0 Be6 17. Bxe6 Qxe6 18. Qb3 Qxb3 19. axb3 Rfe8 20. Rfe1 Rad8 21. e5 Nd7 22. Nc4 Re7 23. Red1 b5 24. e6 fxe6 25. Rxa6 Ncb8 26. Bxb8 Rxb8 27. Na5 Rbe8 28. Nc6 Rf7 29. Ng5 Rf5 30. Ne4 Rd5 31. Raa1 Ne5 32. Nd6 Rxd1+ 33. Rxd1 Ra8 34. Nxe5 Bxe5 35. Ne4 Ra2 36. Nxc5 Rxb2 37. Nd3 Re2 38. Kf1 Re4 39. Nxe5 Rxe5 40. Kf2 Rc5 41. Rd3 Kf7 42. b4 Rc7 43. Ke3 Kf6 44. Kd2 Ra7 45. Rf3+ Ke5 46. Kd3 Rd7+ 47. Ke2 Ra7 48. Kd3 Ra2 49. Rf7 Rxg2 50. Rxh7 Rg3+ 51. Kd2 Ke4 52. Rh4+ Kf5 53. Rh7 e5 54. Rb7 Kf4 55. Rxb5 e4 56. Rb6 Rg2+ 57. Kd1 Ke3 58. b5 Kd3 59. Rd6+ Kxc3 60. h4 1/2-1/2

[Event "Kiev-ch"]
[Site "Kiev"]
[Date "2005.01.24"]
[Round "7"]
[White "Kernazhitsky, Leonid"]
[Black "Chichkin, Vasily"]
[Result "1/2-1/2"]
[WhiteElo "2377"]
[BlackElo "2311"]
[PlyCount "52"]
[EventDate "2005.01.15"]
[EventType "swiss"]
[EventRounds "11"]
[EventCountry "UKR"]
[SourceTitle "CBM 104 Extra"]
[Source "ChessBase"]
[SourceDate "2005.03.01"]
[SourceVersion "1"]
[SourceVersionDate "2005.03.01"]
[SourceQuality "1"]

1. e4 e5 2. Nf3 Qe7 3. Nc3 c6 4. d4 d6 5. Be3 Nf6 6. dxe5 dxe5 7. Qd2 Qc7 8. Bd3 Nbd7 9. h3 Be7 10. Ne2 Nc5 11. Bxc5 Bxc5 12. Qg5 0-0 13. Qxe5 Bd6 14. Qg5 Re8 15. Nd2 Nd7 16. Nc4 Bb4+ 17. c3 Be7 18. Qg3 Qxg3 19. Nxg3 Nc5 20. 0-0-0 Be6 21. b3 Rad8 22. Kc2 Bh4 23. Rhe1 Bxg3 24. fxg3 b6 25. Re3 Bxc4 26. Bxc4 Rxd1 1/2-1/2

[Event "Kiev-ch"]
[Site "Kiev"]
[Date "2003.02.01"]
[Round "10"]
[White "Petryk, Fedir"]
[Black "Chichkin, Vasily"]
[Result "1/2-1/2"]
[WhiteElo "2261"]
[BlackElo "2316"]
[PlyCount "53"]
[EventDate "2003.01.17"]
[EventType "swiss"]
[EventRounds "11"]
[EventCountry "UKR"]
[SourceTitle "CBM 092 Extra"]
[Source "ChessBase"]
[SourceDate "2003.03.07"]
[SourceVersion "1"]
[SourceVersionDate "2003.03.07"]
[SourceQuality "1"]

1. e4 e5 2. Nf3 Nc6 3. Bb5 Nf6 4. 0-0 Bc5 5. d3 d6 6. h3 0-0 7. Bg5 h6 8. Bh4 g5 9. Bg3 Nh5 10. Bh2 g4 11. hxg4 Bxg4 12. Bxc6 bxc6 13. c3 f5 14. Nbd2 fxe4 15. Nxe4 Bxf3 16. gxf3 Bb6 17. Kh1 Kh7 18. d4 exd4 19. Qd3 Kh8 20. Qd2 Kh7 21. Qd3 Kh8 22. Rg1 Qe7 23. Rg6 Qh7 24. Rag1 Rg8 25. Nxd6 cxd6 26. Bxd6 Rxg6 27. Rxg6 1/2-1/2

[Event "Kiev-ch"]
[Site "Kiev"]
[Date "2003.01.26"]
[Round "7"]
[White "Semenova, Lidia K"]
[Black "Chichkin, Vasily"]
[Result "1/2-1/2"]
[WhiteElo "2262"]
[BlackElo "2316"]
[PlyCount "162"]
[EventDate "2003.01.17"]
[EventType "swiss"]
[EventRounds "11"]
[EventCountry "UKR"]
[SourceTitle "CBM 092 Extra"]
[Source "ChessBase"]
[SourceDate "2003.03.07"]
[SourceVersion "1"]
[SourceVersionDate "2003.03.07"]
[SourceQuality "1"]

1. e4 e5 2. Nf3 Nc6 3. Bb5 Nf6 4. d3 d6 5. c4 g6 6. Nc3 Bg7 7. 0-0 0-0 8. Bxc6 bxc6 9. d4 exd4 10. Nxd4 c5 11. Nc2 Rb8 12. Re1 Ng4 13. Ne3 Ne5 14. Qc2 f5 15. exf5 Bxf5 16. Nxf5 Rxf5 17. Nd5 Rf7 18. Rb1 Qh4 19. Ne3 Rbf8 20. Rf1 Bh6 21. Nd1 g5 22. b3 g4 23. Bxh6 Qxh6 24. Ne3 Rg7 25. Qe4 Rf4 26. Qa8+ Kf7 27. Qd5+ Kf8 28. Qa8+ Kf7 29. Qc8 Qe6 30. Qxc7+ Kg8 31. Qd8+ Rf8 32. Qh4 Kh8 33. Rbd1 Rg6 34. Kh1 Rh6 35. Qg3 Rg6 36. Rfe1 Rff6 37. Nd5 Rf7 38. Re4 Rg8 39. Qe3 Rgf8 40. Nf4 Qh6 41. Rxe5 Qxf4 42. Qxf4 Rxf4 43. Rg5 Rxf2 44. Kg1 Rxa2 45. Rxg4 Rb2 46. Rg3 Rg8 47. Rxg8+ Kxg8 48. Rxd6 Rxb3 49. Rc6 a5 50. Rxc5 a4 51. Ra5 a3 52. c5 Rc3 53. c6 Rxc6 54. Rxa3 Kg7 55. Kf2 Rc2+ 56. Kf3 Rc4 57. h3 Kg6 58. Re3 Kf6 59. Re4 Rc3+ 60. Kg4 Rc2 61. g3 Rc3 62. Ra4 Kg6 63. Ra6+ Kg7 64. Kh4 Rc4+ 65. g4 Rc3 66. g5 Rc4+ 67. Kh5 Rc7 68. Re6 Ra7 69. Kg4 Ra4+ 70. Kf5 Ra5+ 71. Kf4 Ra4+ 72. Kf5 Ra5+ 73. Kg4 Ra4+ 74. Kh5 Ra7 75. h4 Ra4 76. Re7+ Kg8 77. Rb7 Rc4 78. Rb1 Kg7 79. Rg1 Ra4 80. Rg4 Rxg4 81. Kxg4 h6 1/2-1/2

[Event "Kiev-ch"]
[Site "Kiev"]
[Date "2003.01.24"]
[Round "5"]
[White "Chichkin, Vasily"]
[Black "Dziadyk, Pavel"]
[Result "1/2-1/2"]
[WhiteElo "2316"]
[BlackElo "2198"]
[PlyCount "60"]
[EventDate "2003.01.17"]
[EventType "swiss"]
[EventRounds "11"]
[EventCountry "UKR"]
[SourceTitle "CBM 092 Extra"]
[Source "ChessBase"]
[SourceDate "2003.03.07"]
[SourceVersion "1"]
[SourceVersionDate "2003.03.07"]
[SourceQuality "1"]

1. f4 d5 2. Nf3 Nf6 3. e3 Bg4 4. b3 Nbd7 5. Bb2 e6 6. Be2 Bxf3 7. Bxf3 Bd6 8. c4 e5 9. Bxd5 Nxd5 10. cxd5 exf4 11. 0-0 0-0 12. exf4 Nf6 13. Nc3 Bc5+ 14. Kh1 Nxd5 15. Qf3 c6 16. Nxd5 Qxd5 17. Qxd5 cxd5 18. Rac1 Rac8 19. Rfe1 Bb4 20. Rxc8 Rxc8 21. Bc3 Bxc3 22. dxc3 g6 23. Rc1 Re8 24. Kg1 Re2 25. Rd1 Rc2 26. Rxd5 Rxc3 27. Rd7 Rc1+ 28. Kf2 Rc2+ 29. Kf3 Rxa2 30. Rxb7 a5 1/2-1/2

[Event "Kiev-ch"]
[Site "Kiev"]
[Date "2002.01.??"]
[Round "3"]
[White "Chichkin, Vasily"]
[Black "Schweitzer, Viktoriya"]
[Result "1/2-1/2"]
[WhiteElo "2345"]
[BlackElo "2127"]
[PlyCount "43"]
[EventDate "2002.01.??"]
[EventType "swiss"]
[EventRounds "11"]
[EventCountry "UKR"]
[SourceTitle "CBM 086 Extra"]
[Source "ChessBase"]
[SourceDate "2002.03.14"]
[SourceVersion "1"]
[SourceVersionDate "2002.03.14"]
[SourceQuality "1"]

1. Nf3 g6 2. c4 Bg7 3. e4 c6 4. Nc3 d6 5. d4 Bg4 6. Be2 Bxf3 7. Bxf3 Qb6 8. d5 Qb4 9. Qb3 Qxb3 10. axb3 Nd7 11. Be3 Bxc3+ 12. bxc3 c5 13. Ke2 Ngf6 14. Ra5 Ne5 15. Rha1 a6 16. Rb5 0-0-0 17. Rba5 Nfd7 18. g3 Nxf3 19. Kxf3 f5 20. exf5 Rdf8 21. Kg2 Rxf5 22. Re1 1/2-1/2

[Event "Kiev-ch"]
[Site "Kiev"]
[Date "2002.01.??"]
[Round "2"]
[White "Vinitsky, Igor"]
[Black "Chichkin, Vasily"]
[Result "1/2-1/2"]
[WhiteElo "2234"]
[BlackElo "2345"]
[PlyCount "52"]
[EventDate "2002.01.??"]
[EventType "swiss"]
[EventRounds "11"]
[EventCountry "UKR"]
[SourceTitle "CBM 086 Extra"]
[Source "ChessBase"]
[SourceDate "2002.03.14"]
[SourceVersion "1"]
[SourceVersionDate "2002.03.14"]
[SourceQuality "1"]

1. e4 Nf6 2. d3 d5 3. e5 Nfd7 4. f4 c5 5. Nf3 Nc6 6. g3 e6 7. Bg2 Be7 8. 0-0 0-0 9. c4 Nb6 10. b3 Rb8 11. a3 Na8 12. Ra2 b5 13. Be3 bxc4 14. bxc4 dxc4 15. dxc4 Qxd1 16. Rxd1 Na5 17. Nfd2 Ba6 18. Rc2 Nb6 19. Bf1 Rfd8 20. Rdc1 Kf8 21. Ne4 Nb3 22. Re1 Nd4 23. Bxd4 Rxd4 24. Nbd2 Na4 25. Kf2 Ke8 26. Ke3 h6 1/2-1/2

[Event "Kiev-ch"]
[Site "Kiev"]
[Date "1999.??.??"]
[Round "4"]
[White "Chichkin, Vasily"]
[Black "Babionyshev, Vladimir"]
[Result "1/2-1/2"]
[WhiteElo "2357"]
[BlackElo "2255"]
[PlyCount "41"]
[EventDate "1999.02.??"]
[EventType "swiss"]
[EventRounds "11"]
[EventCountry "UKR"]
[SourceTitle "EXT 2000"]
[Source "ChessBase"]
[SourceDate "1999.11.16"]
[SourceVersion "1"]
[SourceVersionDate "1999.11.16"]
[SourceQuality "1"]

1. d4 f5 2. g3 Nf6 3. Bg2 d6 4. Nc3 d5 5. Nf3 e6 6. 0-0 Be7 7. b3 0-0 8. e3 a5 9. Bb2 b6 10. a4 Na6 11. Ne2 Ne4 12. Ne5 Qe8 13. f3 Nf6 14. Nc3 Bb7 15. Rf2 Rd8 16. Qe2 c6 17. Rd1 Nb4 18. Qe1 Nd7 19. Nxd7 Rxd7 20. Nb1 Bd6 21. c3 1/2-1/2

[Event "Kiev Independence Cup op"]
[Site "Kiev"]
[Date "1999.??.??"]
[Round "?"]
[White "Chichkin, Vasily"]
[Black "Dornbusch, Tatiana"]
[Result "1-0"]
[WhiteElo "2357"]
[BlackElo "2130"]
[PlyCount "81"]
[EventDate "1999.??.??"]
[EventType "swiss"]
[EventRounds "11"]
[EventCountry "UKR"]
[SourceTitle "EXT 2002"]
[Source "ChessBase"]
[SourceDate "2001.11.25"]
[SourceVersion "1"]
[SourceVersionDate "2001.11.25"]
[SourceQuality "1"]

1. d4 Nf6 2. c4 c5 3. Nf3 cxd4 4. Nxd4 e5 5. Nb5 d5 6. cxd5 Bc5 7. N5c3 0-0 8. a3 a5 9. Qd3 Qe7 10. f3 Nh5 11. g3 f5 12. Be3 Nd7 13. Bxc5 Nxc5 14. Qc4 b6 15. d6+ Qe6 16. Nd2 Ba6 17. Qxe6+ Nxe6 18. e3 Bxf1 19. Rxf1 Rac8 20. Rd1 Nf6 21. Ndb1 Rfd8 22. Nb5 Nc5 23. N1c3 g6 24. Na7 Ra8 25. Nc6 Re8 26. Nb5 Rf8 27. Nc7 Rac8 28. Ne7+ Kf7 29. Nxc8 Rxc8 30. Ke2 Ne6 31. Rc1 Rd8 32. Rfd1 e4 33. Rc6 exf3+ 34. Kxf3 Nd7 35. Ke2 Nec5 36. b4 axb4 37. axb4 Ne5 38. Rxc5 bxc5 39. bxc5 Rb8 40. Rd2 Rb3 41. d7 1-0

[Event "Platonov Memorial"]
[Site "Kiev"]
[Date "1999.??.??"]
[Round "?"]
[White "Chichkin, Vasily"]
[Black "Guliev, Sarhan"]
[Result "1/2-1/2"]
[WhiteElo "2357"]
[BlackElo "2486"]
[PlyCount "51"]
[EventDate "1999.??.??"]
[EventType "tourn"]
[EventRounds "11"]
[EventCountry "UKR"]
[EventCategory "8"]
[SourceTitle "EXT 2002"]
[Source "ChessBase"]
[SourceDate "2001.11.25"]
[SourceVersion "1"]
[SourceVersionDate "2001.11.25"]
[SourceQuality "1"]

1. d4 f5 2. c4 Nf6 3. Nc3 e6 4. e3 Bb4 5. Qc2 0-0 6. Bd3 b6 7. Nge2 Bb7 8. 0-0 Bd6 9. f3 Na6 10. a3 c5 11. Nb5 Be7 12. b3 Nc7 13. Nbc3 Rc8 14. Bb2 Qe8 15. Qd2 Qh5 16. d5 Nce8 17. Nf4 Qf7 18. e4 e5 19. Nfe2 fxe4 20. Nxe4 Nxe4 21. fxe4 Bf6 22. Bxe5 Qe7 23. Bxf6 Nxf6 24. Ng3 Qe5 25. Rae1 g6 26. Bc2 1/2-1/2

[Event "Platonov Memorial"]
[Site "Kiev"]
[Date "1999.??.??"]
[Round "?"]
[White "Chichkin, Vasily"]
[Black "Ivanov, Victor L"]
[Result "1/2-1/2"]
[WhiteElo "2357"]
[BlackElo "2427"]
[PlyCount "22"]
[EventDate "1999.??.??"]
[EventType "tourn"]
[EventRounds "11"]
[EventCountry "UKR"]
[EventCategory "8"]
[SourceTitle "EXT 2002"]
[Source "ChessBase"]
[SourceDate "2001.11.25"]
[SourceVersion "1"]
[SourceVersionDate "2001.11.25"]
[SourceQuality "1"]

1. c4 c6 2. Nf3 d5 3. e3 Nf6 4. Nc3 a6 5. b3 Bg4 6. Be2 e6 7. 0-0 Nbd7 8. Bb2 Bd6 9. Nd4 Bxe2 10. Qxe2 0-0 11. cxd5 cxd5 1/2-1/2

[Event "Kiev-ch"]
[Site "Kiev"]
[Date "1999.??.??"]
[Round "9"]
[White "Chichkin, Vasily"]
[Black "Kernazhitsky, Leonid"]
[Result "1/2-1/2"]
[WhiteElo "2357"]
[BlackElo "2413"]
[PlyCount "113"]
[EventDate "1999.02.??"]
[EventType "swiss"]
[EventRounds "11"]
[EventCountry "UKR"]
[SourceTitle "EXT 2000"]
[Source "ChessBase"]
[SourceDate "1999.11.16"]
[SourceVersion "1"]
[SourceVersionDate "1999.11.16"]
[SourceQuality "1"]

1. d4 Nf6 2. c4 g6 3. Nc3 Bg7 4. e4 d6 5. Nf3 0-0 6. Be2 e5 7. d5 Na6 8. Bg5 h6 9. Bh4 g5 10. Bg3 Nh5 11. h4 Nxg3 12. fxg3 gxh4 13. Nxh4 Qg5 14. 0-0 Nc5 15. Kh2 f5 16. exf5 Bxf5 17. Nxf5 Rxf5 18. Rxf5 Qxf5 19. Qd2 a5 20. Rf1 Qg6 21. Qe3 Re8 22. Bd1 Qd3 23. Qxd3 Nxd3 24. Ne4 Rf8 25. Rxf8+ Bxf8 26. b3 Kg7 27. Kg1 Be7 28. Bc2 Nb4 29. Bb1 c6 30. a3 Na6 31. Kf2 Nc7 32. Nc3 Bg5 33. dxc6 bxc6 34. Be4 Bc1 35. Bxc6 Bxa3 36. Bf3 Bc5+ 37. Kf1 Ne6 38. Nb5 Ng5 39. Bd5 Kf6 40. Nc3 Kf5 41. Ke2 e4 42. Bc6 Ke5 43. Nb5 Ne6 44. Bd7 Bb4 45. Bxe6 Kxe6 46. Nd4+ Ke5 47. Nc6+ Kf5 48. Nd4+ Kg4 49. Ke3 Kxg3 50. Nf5+ Kxg2 51. Nxh6 Kf1 52. Nf5 Ke1 53. Kxe4 Kd2 54. Kd5 Kc3 55. Nxd6 Kxb3 56. c5 a4 57. Nc4 1/2-1/2

[Event "Kiev Independence Cup op"]
[Site "Kiev"]
[Date "1999.??.??"]
[Round "?"]
[White "Chichkin, Vasily"]
[Black "Oglobilia, Alexander"]
[Result "0-1"]
[WhiteElo "2357"]
[BlackElo "2259"]
[PlyCount "100"]
[EventDate "1999.??.??"]
[EventType "swiss"]
[EventRounds "11"]
[EventCountry "UKR"]
[SourceTitle "EXT 2002"]
[Source "ChessBase"]
[SourceDate "2001.11.25"]
[SourceVersion "1"]
[SourceVersionDate "2001.11.25"]
[SourceQuality "1"]

1. d4 Nf6 2. c4 d6 3. Nc3 Nbd7 4. Nf3 e5 5. e4 g6 6. Be2 Bg7 7. 0-0 0-0 8. d5 Nc5 9. Bg5 a5 10. Nd2 Bd7 11. b3 h6 12. Bh4 Nfxe4 13. Bxd8 Nxc3 14. Qe1 Raxd8 15. Nb1 Nxe2+ 16. Qxe2 e4 17. Na3 f5 18. Rad1 f4 19. f3 Rde8 20. Nc2 h5 21. Qd2 b6 22. Nd4 e3 23. Qe2 Be5 24. Rfe1 Re7 25. Qc2 Rg7 26. a3 g5 27. Ne6 Nxe6 28. dxe6 Bxe6 29. b4 axb4 30. axb4 g4 31. Kh1 Bf5 32. Qb3 Be6 33. Qd3 Ra8 34. c5 bxc5 35. bxc5 Ra2 36. Re2 Ra4 37. Qb5 Ra8 38. cxd6 cxd6 39. Rc2 Kh7 40. Qd3+ Kh6 41. fxg4 hxg4 42. Rc6 Kg5 43. Rf1 Bf5 44. Qc4 Rh8 45. Rc7 Rxc7 46. Qxc7 e2 47. Qe7+ Kg6 48. Re1 f3 49. gxf3 Rxh2+ 50. Kg1 gxf3 0-1

[Event "Platonov Memorial"]
[Site "Kiev"]
[Date "1999.??.??"]
[Round "?"]
[White "Chichkin, Vasily"]
[Black "Vysochin, Spartak"]
[Result "1-0"]
[WhiteElo "2357"]
[BlackElo "2467"]
[PlyCount "95"]
[EventDate "1999.??.??"]
[EventType "tourn"]
[EventRounds "11"]
[EventCountry "UKR"]
[EventCategory "8"]
[SourceTitle "EXT 2002"]
[Source "ChessBase"]
[SourceDate "2001.11.25"]
[SourceVersion "1"]
[SourceVersionDate "2001.11.25"]
[SourceQuality "1"]

1. Nf3 d5 2. e3 Nf6 3. c4 c6 4. Nc3 g6 5. d4 Bg7 6. Be2 0-0 7. 0-0 a6 8. cxd5 cxd5 9. Ne5 e6 10. Qb3 Ne8 11. Bd2 f6 12. Nf3 Nd6 13. Rfc1 Bd7 14. Nxd5 exd5 15. Qxd5+ Nf7 16. Qxb7 Nc6 17. Rxc6 Bxc6 18. Qxc6 Qb8 19. b4 Rc8 20. Qe6 Qa7 21. Bd1 Re8 22. Qd5 Kh8 23. Bb3 Nh6 24. Rc1 Nf5 25. g4 Ne7 26. Qf7 Rad8 27. Rc5 Qb7 28. d5 Rf8 29. Qe6 Nc8 30. Qc6 Qe7 31. Nd4 Qe4 32. f3 Qd3 33. Rc2 Ne7 34. Qc4 Qxc4 35. Bxc4 Rd6 36. e4 Rc8 37. Bf4 Rb6 38. d6 Nc6 39. Be6 Re8 40. Rxc6 f5 41. e5 Rxb4 42. d7 Rf8 43. Rd6 Rb1+ 44. Kf2 Rb2+ 45. Ke1 Rb1+ 46. Ke2 fxg4 47. d8Q gxf3+ 48. Nxf3 1-0

[Event "Kiev Independence Cup op"]
[Site "Kiev"]
[Date "1999.??.??"]
[Round "?"]
[White "Kamenetz, Dmitry"]
[Black "Chichkin, Vasily"]
[Result "0-1"]
[WhiteElo "2167"]
[BlackElo "2357"]
[PlyCount "82"]
[EventDate "1999.??.??"]
[EventType "swiss"]
[EventRounds "11"]
[EventCountry "UKR"]
[SourceTitle "EXT 2002"]
[Source "ChessBase"]
[SourceDate "2001.11.25"]
[SourceVersion "1"]
[SourceVersionDate "2001.11.25"]
[SourceQuality "1"]

1. d4 d5 2. Nf3 Nf6 3. c3 e6 4. Bg5 Be7 5. Nbd2 Nbd7 6. Qc2 h6 7. Bxf6 Nxf6 8. e4 dxe4 9. Nxe4 Nxe4 10. Qxe4 Qd5 11. Qc2 b6 12. Bd3 Bb7 13. h4 Bf6 14. a4 g5 15. hxg5 hxg5 16. Rxh8+ Bxh8 17. Bb5+ c6 18. Bf1 g4 19. Nd2 c5 20. Bb5+ Ke7 21. dxc5 Qxc5 22. Qh7 Qe5+ 23. Be2 Bf6 24. Nc4 Qc5 25. Qd3 Bxg2 26. Rd1 Kf8 27. Bxg4 Rd8 28. Qe2 Rxd1+ 29. Kxd1 Bc6 30. Nd2 Bxa4+ 31. b3 Bc6 32. c4 Qd4 33. Qe3 Qxg4+ 34. f3 Qd4 35. Qh6+ Bg7 36. Qh5 Qe3 37. Qh4 Bh6 38. Nf1 Bxf3+ 39. Kc2 Be4+ 40. Kd1 Bf3+ 41. Kc2 Qe4+ 0-1